Statistics for Russell Crowe Movies

Click here to take the quiz!

General Stats

  • This quiz has been taken 7 times
  • The average score is 9 of 18

Answer Stats

Release YearCostarsAnswer% Correct
2001Ed Harris, Jennifer ConnellyA Beautiful Mind
100%
2000Joaquin Phoenix, Djimon HounsouGladiator
100%
2005Renee Zellweger, Paul GiamattiCinderella Man
86%
1997Kim Basinger, Kevin SpaceyL.A. Confidential
86%
2006Christian Bale, Ben Forster3: 10 To Yuma
57%
2007Denzel Washington, Idris ElbaAmerican Gangster
57%
2013Henry Cavill, Amy AdamsMan of Steel
57%
1995Denzel Washington, Kelly LynchVirtuosity
57%
2012Hugh Jackman, Anne HathawayLes Miserables
43%
1995Sharon Stone, Gene HackmanThe Quick and the Dead
43%
2022Chris Hemsworth, Natalie PortmanThor: Love and Thunder
43%
2008Leonardo DiCaprio, Oscar IsaacBody of Lies
29%
2010Cate Blanchett, Max von SydowRobin Hood
29%
2012RZA, Lucy LiuThe Man with the Iron Fists
29%
2017Tom Cruise, Sofia BoutellaThe Mummy
29%
2016Ryan Gosling, Kim BasingerThe Nice Guys
29%
2023Aaron Taylor Johnson, Fred HechingerKraven the Hunter
14%
2022Liam Hemsworth, RZAPoker Face
14%

Score Distribution

Percentile by Number Answered

Percent of People with Each Score

Your Score History

You have not taken this quiz